000 00758nam a22002657a 4500
001 23136
003 UA-OsUOA
005 20230811115710.0
007 ta
008 20040113b un ||||| |||| 00| 0 ukr d
020 _a5885201129
040 _aUA-OsUOA
_bukr
_cUA-OsUOA
_dUA-OsUOA
041 _aukr
044 _aUA
080 _a271(477)
090 _a271(477)
_bА16
100 _aАбрамович Д. І.
245 _aКиєво-Печерський патерик
_cПроф. Дмитро Абрамович
250 _aрепринтне видання
260 _aК.
_bЧас
_c1991
300 _a280 с.
650 7 _a27 Загальна історія Християнської церкви
_2UDC
942 _cBK
_2udc
955 _a2
999 _c309379
_d309379